Исследование влияния различных схем отбелки лиственной вискозной целлюлозы на эффективность ее обессмоливания; Химия и технология древесины, целлюлозы и бумаги; Вып. 2. Раздел 3: Химия и технология бумаги

Sonraí bibleagrafaíochta
Parent link:Химия и технология древесины, целлюлозы и бумаги: сборник межвузовских научных трудов.— , 1973-1978
Вып. 2. Раздел 3: Химия и технология бумаги.— 1974.— С. 98-104
Príomhchruthaitheoir: Старастенко Н. П.
Rannpháirtithe: Сапунова Н. А., Сиваченко Т. В.
Teanga:Rúisis
Foilsithe / Cruthaithe: 1974
Formáid: Caibidil leabhair
KOHA link:https://koha.lib.tpu.ru/cgi-bin/koha/opac-detail.pl?biblionumber=210716

MARC

LEADER 00000naa2a2200000 4500
001 210716
005 20231031192158.0
035 |a (RuTPU)RU\TPU\book\230142 
035 |a RU\TPU\book\230141 
090 |a 210716 
100 |a 20120301d1974 k y0rusy50 ca 
101 0 |a rus 
102 |a RU 
200 1 |a Исследование влияния различных схем отбелки лиственной вискозной целлюлозы на эффективность ее обессмоливания  |f Н. П. Старастенко, Н. А. Сапунова, Т. В. Сиваченко 
461 0 |0 (RuTPU)RU\TPU\book\230026  |t Химия и технология древесины, целлюлозы и бумаги  |o сборник межвузовских научных трудов  |d 1973-1978 
463 0 |0 (RuTPU)RU\TPU\book\230053  |t Вып. 2. Раздел 3: Химия и технология бумаги  |f Ленинградский технологический институт целлюлозно-бумажной промышленности (ЛТИ ЦБП) ; отв. ред. Ю. Н. Непенин  |v С. 98-104  |d 1974  |p 153 с. 
700 1 |a Старастенко  |b Н. П. 
701 1 |a Сапунова  |b Н. А. 
701 1 |a Сиваченко  |b Т. В. 
801 1 |a RU  |b 63413507  |c 20120301 
801 2 |a RU  |b 63413507  |c 20120301  |g RCR 
942 |c BK